Identita značky a jej vplyv na preferencie spotrebiteľov v bankovom sektore diplomová práca

Enregistré dans:
Détails bibliographiques
Auteur principal: Stejskalová, Charlotte
Collectivité auteur: Obchodná fakulta EU. Katedra marketingu
Autres auteurs: Ožvoldová, Katarína, 1984-
Format: Livre
Langue:slovaque
Publié: Bratislava 2025
Tags: Ajouter un tag
Pas de tags, Soyez le premier à ajouter un tag!

MARC

LEADER 00000nbm a2200000 4500
001 0310121
005 20251104122310.6
041 0 |a slo 
044 |a SK 
245 1 0 |a Identita značky a jej vplyv na preferencie spotrebiteľov v bankovom sektore  |b diplomová práca  |c Charlotte Stejskalová ; školiteľ: Katarína Ožvoldová 
264 1 |a Bratislava  |c 2025 
300 |a 94 s. 
100 1 |a Stejskalová, Charlotte 
700 1 |a Ožvoldová, Katarína, 1984- 
710 2 |a Obchodná fakulta EU. Katedra marketingu